|
|
|
|
| LEADER |
00910nam a22002657a 4500 |
| 001 |
AAL94 |
| 003 |
BD-DhAAL |
| 005 |
20160111152816.0 |
| 008 |
160111s 1996us a|||| b||| 001 0 eng d |
| 020 |
|
|
|a 0697316823
|
| 040 |
|
|
|a BD-DhAAL
|c BD-DhAAL
|
| 082 |
|
|
|a 327.05
|
| 245 |
|
|
|a World politics 96/97 /
|c editor Helen E Purkitt
|
| 260 |
|
|
|a Guilford, Conn. :
|b Dushkin Pub. Group,
|c ©1996.
|
| 300 |
|
|
|a 263 p. :
|b ill. ;
|c 28 cm.
|
| 490 |
|
|
|a Annual editions.
|
| 504 |
|
|
|6 Includes bibliography and index.
|
| 541 |
|
|
|e 94
|
| 650 |
|
|
|a World politics -- 1945-
|9 17288
|
| 650 |
|
|
|a International relations.
|9 17289
|
| 650 |
|
|
|a World politics.
|9 17290
|
| 700 |
|
|
|a Purkitt, Helen E
|9 17291
|
| 942 |
|
|
|2 ddc
|c BK
|
| 999 |
|
|
|c 36579
|d 36579
|
| 952 |
|
|
|0 0
|1 0
|2 ddc
|4 0
|6 327_050000000000000_WOR
|7 0
|9 57562
|a SCL
|b SCL
|c GEN
|d 2016-01-11
|e Gift: The Asia Foundation
|l 0
|o 327.05 WOR
|p 3020000094
|r 2016-01-11
|t 1
|w 2016-01-11
|y BK
|